000 01976nam a2200337 a 4500
003 CO-PeBPR
005 20260501132918.0
008 260415e2024 ck a|||| n||| 00| 0 spa c
020 _a9786287589551
040 0 _aCO-PeBPR
_bspa
_cCO-PeBPR
_erda
041 0 _hspa
082 0 4 _a364.1323 A676c
100 1 _aArdila Arrieta, Laura
_eautora
245 1 0 _aLa costa nostra
_b: La historia de los Char, el clan político más poderoso de Colombia
_c/ Laura Ardila Arrieta
250 1 0 _aEdición especial
264 1 _aBogotá, Colombia
_b: Rey Naranjo
_c, 2024
300 _a217 páginas
_c; 23 centímetros
336 _atexto
_btxt
_crdacontenido
337 _asin mediación
_bn
_2rdamedio
338 _avolumen
_bnc
_2rdasoporte
500 _aIncluye índice.
520 _aEl periodismo y la edición independiente se unen para contar la historia de un imperio que nació con una promesa de cambio. Esta es una historia de casi cien años y una obsesión periodística de ocho. La historia es de los Char desde que llegaron a la población de Lorica, en la costa atlántica, y ayudaron a construir el Caribe árabe, hasta la hegemonía de Álex Char en la Alcaldía de Barranquilla. La obsesión periodística es la que ha llevado a Laura Ardila Arrieta a narrar incansablemente las movidas del poder, a pesar de las intimidaciones que ha sufrido por su trabajo y del control que los poderosos intentan ejercer sobre la información que de ellos circula. la costa nostra es el triunfo del derecho a la libre expresión y la derrota de la censura...Tomado de la contracubierta del libro.
521 _aRecomendado para jóvenes y adultos.
586 _aPremio Nacional de Periodismo Simón Bolívar.
650 1 4 _2LEMB
_aCorrupción política
_zColombia
650 1 4 _2LEMB
_aClientelismo político
_zColombia
650 1 4 _2LEMB
_aDelitos políticos
_zColombia
650 1 4 _2LEMB
_aPeriodismo investigativo
650 1 4 _2LEMB
_aParticipación política
942 _2ddc
_cBK
999 _c17841
_d17841